Gaming Quiz

Random Gaming or Nintendo Quiz

Pokemon Gym Leaders by Type Quiz Stats

 Plays Quiz not verified by Sporcle

Score 0/57 Timer 10:00
0 Plays Today
% Correct
Misty
94.3%
Brock
90.2%
Lt. Surge
90%
Crasher Wake
85%
Bugsy
82.4%
Wattson
82.1%
Erika
80.2%
Brawly
80.2%
Norman
80.1%
Blaine
79.9%
Sabrina
79.9%
Volkner
79.5%
Koga
79.4%
Wallace
79.4%
Gardenia
79.2%
Whitney
78.4%
Skyla
76.2%
Falkner
76.1%
Cress
75.6%
Roxanne
75.5%
Blue
74.8%
Flannery
74.8%
Elesa
74.6%
Roark
74.5%
Tate and Liza
74.5%
Iris
73.7%
Juan
72.7%
Giovanni
72.6%
Drayden
72.5%
% Correct
Chuck
72.5%
Pryce
72.3%
Clair
72.1%
Cilan
72%
Chili
71.7%
Morty
71%
Winona
70.9%
Brycen
69.8%
Jasmine
69.8%
Candice
68.9%
Clemont
68.8%
Fantina
68.7%
Burgh
67.8%
Janine
67.2%
Clay
66.5%
Wulfric
66%
Lenora
65.7%
Cheren
65.6%
Maylene
65.2%
Marlon
64.4%
Byron
64.1%
Roxie
62.9%
Valerie
60.8%
Korrina
60.5%
Viola
59.3%
Olympia
58.4%
Ramos
58.3%
Grant
57.2%

You're not logged in!

Compare scores with friends on all Sporcle quizzes.
OR
Log In

Sporcle TV

Today on Sporcle TV


Watch our educational content, quiz creation guides, and fun videos on Sporcle TV.

Show Comments

Extras

Top Quizzes Today


Score Distribution

Your Account Isn't Verified!

In order to create a playlist on Sporcle, you need to verify the email address you used during registration. Go to your Sporcle Settings to finish the process.

Report this User

Report this user for behavior that violates our Community Guidelines.

Details: